000 nam a22 a 4500
999 _c142761
_d142761
003 BLK
005 20230113143636.0
008 180409b bul|||||r ||||||| ||bul||
010 _aKNG00148858000
040 _aBLK
041 _aBUL
_cBUL
080 _aБългарска литература
_b821.163.2
_x-93-32
_z821.163.2-93-32
100 1 _aРусев, Никола Петров
_eпърви автор
_9374886
139 _aРусев, Никола Петров
_bР 94
245 1 0 _aПриказка за Стоедин
_bКн. 1 -
_cНикола Петров Русев; худож. Никифор Русков.
_nКн. 1
257 _aBGR
260 _bБълг. писател
_c1979 -
_aСофия
300 _c22 см
380 _aDX
653 _aлитература за деца
653 _aдетска литература
700 1 _aРусков, Никифор
_eхудож.
_9364263
760 1 _aРусев, Никола Петров
_d1979
_h156 с. : с ил.
_nВ библиогр. каре худож. погрешно означен Никофор Русков. - 25 113 тир.
_tКн. 1
852 _aЦб 262065
856 4 _qpdf
_i0.00
_ldisable
856 4 _qpdf
_i0.00
_ldisable
942 _cKNG
_n0
_s1
944 _aCR
_c07.08.2013
_l07.08.2013 - от С1,Р / 07.08.2013
_kЛюсиена_Милчева
944 _aED
_c07.08.2013
_l07.08.2013 - от С1,Р / 07.08.2013
999 _d142761
999 _d142761